000 00465nam a22001577a 4500
003 OSt
005 20240410160232.0
008 240410b |||||||| |||| 00| 0 eng d
040 _cMRSPTU
100 _aGurwinder Singh Kamalpur (ਗੁਰਵਿੰਦਰ ਸਿੰਘ ਕਮਾਲਪੁਰ)
245 _aTaryan tp Parre (ਤਾਰਿਆਂ ਤੋਂ ਪਰੇ)
250 _a1st
260 _aPatiala
_bAdab Parkashan
_c2004
300 _a119
942 _2ddc
_cBK
_n0
999 _c10021
_d10021